000 00773nam a2200241Ia 4500
003 OSt
005 20220923231010.0
006 a|||||r|||| 00| 0
007 ta
008 220922b |||||||| |||| 00| 0 hin d
024 _a351,745
037 _cTextual
040 _aARTS
_cARTS
_bhin
041 _2hin
_ahin
082 _aO152vN4, J2
100 _aब्रजरत्नदास, ले.
245 0 _aखडी बोली हिन्दी साहित्य का इतिहास
246 _aKhaḍī bolī hindī sāhitya kā itihāsa
260 _c1952
650 _aहिन्दी साहित्य
_9156264
942 _hO152vN4, J2
_cTEXL
_2CC
999 _c388688
_d388688